000 00840nam a2200241Ia 4500
001 11185
003 GE_BSU
008 181216s||||||||xx |||||||||||||| ||und||
040 _cGE_BSU
080 _a821.161.1(035)
100 _aТимофеев,Л. Венгров,Н.
245 _aКраткий словарь литературоведческих терминов.
245 _bПособие для учащихся средней школы.
245 _cПод.ред:Л.И. Тимофеева
250 _a3-изд, исправ и допол.
260 _aМосква
260 _bУчпедгиз.
260 _c1958.
300 _a187стр,21см.
300 _eуказатель:стр.182.
653 _aКраткий словарь литературоведческих терминов.
942 _cBK
999 _c44419
_d44419